000 02041nam0a2200361 4500
001 RU\NLR\bibl\1857367
005 20260406091244.0
010 _a978-5-88149-522-0
_91000
021 _aRU
_b2011-100735
_97214
035 _a(NLR Aleph) 001847289
090 _a2353565
_c2353565
100 _a20120117d2011 |||y0rusy50 ca
101 0 _arus
102 _aRU
105 _aac |||||||||
200 1 _aГрозный. Особый район
_eопыт документальной реконструкции
_eхроника действий воинских частей и подразделений федеральных войск в ходе контртеррористической операции по освобождению столицы Чеченской Республики от незаконных вооруженных формирований, декабрь 1999 - февраль 2000 года
_f[Журавель Валерий Петрович, Лебедев Александр Владимирович]
210 _aМосква
_c[б.и.]
_d2011
215 _a415 с.
_cил., портр.
_d25
300 _aАвт. указ. на обл. и в вып. дан.
320 _aБиблиогр.: с. 413
517 0 _aОсобый район
607 _aГрозный, город (Чечня)
_xОсвобождение от незаконных вооруженных формирований
_zдекабрь 1999 - февраль 2000
_92094820
_3RU\NLR\auth\661571106
686 _aЦ4,6(2Р)243.9(2Р-6Че),013
686 _aТ3(2)74-36,013
686 _aТ3(2Р-6Че)74,013
700 1 _4070
_7ca
_8rus
_aЖуравель
_bВ. П.
_f1952-
_gВалерий Петрович
_3RU\NLR\AUTH\770281832
_92669304
701 1 _4070
_8rus
_7ca
_aЛебедев
_bА. В.
_cжурналист
_f1974-
_gАлександр Владимирович
_3RU\NLR\auth\77115726
_998651
801 0 _aRU
_bNLR
_c20120117
_gRCR
801 1 _aRU
_bNLR
_c20120117
942 _cBOOK
980 _aNB
980 _aNBR